000 01032nam a22003137a 4500
003 CHAP
005 20220329135514.0
008 971013s r 00010 d
010 _a37717
011 _a38689
035 _a42809
040 _cCHAP
082 _a635.65
_bM52
100 0 0 _aMichigan State University. The Bean Cowpea Collaborative Research Support Program.
_975427
245 _aAnnual report
_b: technical summary
260 _aEast Lansing, Mich. :
_bThe University,
_c19
300 _av
500 _aLa biblioteca tiene: 1983
590 _aBATCH-UPD
_b10
_c20130110
_lUCH01
_h0301
590 _aBATCH-UPD
_b10
_c20130110
_lUCH01
_h2048
590 _aBATCH-UPD
_b10
_c20130410
_lUCH01
_h1401
590 _aBATCH-UPD
_b10
_c20130914
_lUCH01
_h1440
590 _aCONVERSION
_b10
_c20130109
_lUCH01
_h1321
650 1 4 _aFrijol
_xInvestigación.
_943397
650 1 4 _aGarbanzo
_xInvestigación.
_945617
901 _aBK
942 _cLIBRO
949 _a635.65 M52
_bBC
_cLIBRO
_d33724000263216
_eLIBRO
_f1983
_h72670
_i42809
_si
999 _c37717
_d37717